000 00448cam a2200193 4500
001 D7100
008 090401t1981 xxu||||| |||| 00| 0 eng d
035 _a(Sirsi) u5167
041 _aeng
050 _a333.335
100 _aMiles, C.W.N.
245 _aEstate finance and business management
250 _a4th
260 _aLondon
_bEstates Gazette
_c1981
300 _axi. 244p. 22cm
350 _a7.75
942 _n0
948 _c04/03/1997
999 _c86133
_d86133